Statistics for Oceanian Geography By Letter I - Picture Quiz

Click here to take the quiz!

General Stats

  • This quiz has been taken 127 times
  • The average score is 3 of 9

Answer Stats

Answer% Correct
Indian Ocean
96%
Indonesia
95%
{International} Date Line
84%
Invercargill
14%
{Island} Region
12%
{Irukandji} Jellyfish
7%
{Isabel} Province
6%
I'iwi
5%
{Iririki} Resort Island
4%

Score Distribution

Percentile by Number Answered

Percent of People with Each Score

Your Score History

You have not taken this quiz